Statistiche per Stati Federati dell'Austria

Clicka qui per fare il quiz!

Statistiche generali

  • Questo quiz è stato fatto 984 volte
  • Il punteggio medio è 5 su 9

Risposte nella Mappa

Le risposte nella mappa del quiz sottostante sono codificate secondo una scala di colori dal rosso al verde in base alla % di persone che hanno risposto correttamente.
 

Statistiche sulle risposte

Stati% Corretto
Vienna
95%
Tirolo
78%
Carinzia
51%
Stiria
50%
Alta Austria
49%
Bassa Austria
49%
Salisburghese
49%
Vorarlberg
40%
Burgenland
39%

Distribuzione punteggi

Percentile per numero di risposta

Percentuale di utenti per punteggio

I tuoi punteggi nel tempo

Non hai fatto questo quiz